000 01108nam a22002537a 4500
005 2010033004334.0
008 100330t xxu||||| |||| 00| 0 hin d
010 _aHIN-89201
020 _a8188984019
_c140.00
035 _aHN-61547
037 _bDBAD / PUB
040 _aDPL
_bHN
082 _a827
100 _aव्यास, नीरज
_916578
245 _aमुफ्त का चन्दन घिस सरकारी नन्दन /
_cनीरज व्यास
246 _aMuft ka chandan ghis sarkari nandan/
_bby Neeraj Vyas
260 _aप्रतापगढ़
_bमयंक प्रकाशन
_c2009
270 _aडाड़ी, सगरा सुन्दरपुर,
_bप्रतापगढ़
300 _a128पृ
_c22सेमी (सजिल्द
650 _aवयंग्य, हिन्दी
_916579
650 _aSatires, Hindi
_916580
942 _2ddc
_cHN
_mव्यासनी
999 _c34920
_d34920